<?xml version="1.0" encoding="UTF-8"?>
<collection xmlns="http://www.loc.gov/MARC21/slim">
 <record>
  <leader>01325nam a2200229Ia 4500</leader>
  <controlfield tag="001">TDMU_32471</controlfield>
  <controlfield tag="008">210410s9999    xx            000 0 und d</controlfield>
  <datafield tag="082" ind1=" " ind2=" ">
   <subfield code="a">361.32</subfield>
  </datafield>
  <datafield tag="090" ind1=" " ind2=" ">
   <subfield code="b">L105</subfield>
  </datafield>
  <datafield tag="100" ind1=" " ind2=" ">
   <subfield code="a">Lan Lăng Tiếu Tiếu Sinh</subfield>
  </datafield>
  <datafield tag="245" ind1=" " ind2="0">
   <subfield code="a">Kim Bình Mai</subfield>
  </datafield>
  <datafield tag="245" ind1=" " ind2="0">
   <subfield code="c">Lan Lăng Tiếu Tiếu Sinh ; Nguyễn Quốc Hùng dịch</subfield>
  </datafield>
  <datafield tag="245" ind1=" " ind2="0">
   <subfield code="n">T.3</subfield>
  </datafield>
  <datafield tag="260" ind1=" " ind2=" ">
   <subfield code="a">H.</subfield>
  </datafield>
  <datafield tag="260" ind1=" " ind2=" ">
   <subfield code="b">Văn học</subfield>
  </datafield>
  <datafield tag="260" ind1=" " ind2=" ">
   <subfield code="c">2016</subfield>
  </datafield>
  <datafield tag="300" ind1=" " ind2=" ">
   <subfield code="a">489tr.</subfield>
  </datafield>
  <datafield tag="520" ind1=" " ind2=" ">
   <subfield code="a">Kim Bình Mai là bộ tiểu thuyết dài gồm 100 hồi, viết về đời sống xã hội của Trung Quốc. Tên truyện do tên ba nhân vật nữ là Phan Kim Liên, Lý Bình Nhi và Bàng Xuân Mai mà thành.Tác phẩm xoay quanh nhân vật chính là Tây Môn Khánh, đại diện cho tầng lớp quan lại, đám cường hào ác bá, để vạch trần sự xấu xa bỉ ổi của xã hội Trung Quốc lúc bấy giờ.</subfield>
  </datafield>
  <datafield tag="650" ind1=" " ind2=" ">
   <subfield code="a">Văn học Trung đại</subfield>
   <subfield code="z">Trung Quốc</subfield>
   <subfield code="v">Tiểu thuyết; Tiểu thuyết chương hồi</subfield>
   <subfield code="z">Trung Quốc</subfield>
  </datafield>
  <datafield tag="700" ind1=" " ind2=" ">
   <subfield code="a">Nguyễn, Quốc Hùng</subfield>
  </datafield>
  <datafield tag="856" ind1=" " ind2=" ">
   <subfield code="u">http://lrc.tdmu.edu.vn/opac/search/detail.asp?aID=2&amp;ID=32471</subfield>
  </datafield>
  <datafield tag="980" ind1=" " ind2=" ">
   <subfield code="a">Trung tâm Học liệu Trường Đại học Thủ Dầu Một</subfield>
  </datafield>
 </record>
</collection>
